000 00706nam a2200253Ia 4500
003 OSt
005 20221007110448.0
006 a|||||r|||| 00| 0
007 ta
008 221006b |||||||| |||| 00| 0 eng d
024 _a21,179
037 _cTextual
040 _aLCO
_cLCO
_beng
041 _2eng
_aeng
082 _aY15:45.44, M6
100 _aGhosh Shubhra
_9707507
245 0 _aFemale Criminals in India
260 _aNew
_bDelhi Uppal Publishing House India
_c1986
300 _a218+6
500 _aA Psychological Study of Inmates of Nari Bandi Niketan
650 _aFEMALE
_9269827
942 _hY15:45.44, M6
_cTEXL
999 _c1190742
_d1190742